MAINGOT'S ABDOMINAL OPERATION (Record no. 25113)

MARC details
000 -LEADER
fixed length control field 00410nam a22001697a 4500
003 - CONTROL NUMBER IDENTIFIER
control field SGT
020 ## - INTERNATIONAL STANDARD BOOK NUMBER
International Standard Book Number 9781260441109
082 ## - DEWEY DECIMAL CLASSIFICATION NUMBER
Classification number 616.5505
Item number M19Z
100 ## - MAIN ENTRY--PERSONAL NAME
Personal name ZINNER, MICHAIL J.
245 ## - TITLE STATEMENT
Title MAINGOT'S ABDOMINAL OPERATION
250 ## - EDITION STATEMENT
Edition statement 13TH
260 ## - PUBLICATION, DISTRIBUTION, ETC. (IMPRINT)
Place of publication, distribution, etc NEW YORK
Name of publisher, distributor, etc MCGRAW HILL PUB
Year of Publication 2019
300 ## - PAGE DESCRIPTION
No. of Pages 1483
650 ## - SUBJECT ADDED ENTRY--TOPICAL TERM
Topical term or geographic name as entry element GENERAL SURGERY
653 ## - KEYWORDS--INDEX TERM
Keyword term MAINGOT'S ABDOMINAL OPERATION
942 ## - ADDED ENTRY ELEMENTS (KOHA)
Source of classification or shelving scheme Dewey Decimal Classification
Koha item type Books
Holdings
Withdrawn status Lost status Source of classification or shelving scheme Damaged status Not for loan Collection code Home library Current library Shelving location Date acquired Vendor Name Cost, normal purchase price SGTU Bill Number Total Checkouts Full call number Accession No. (Barcode) Date last seen Bill Date Koha item type
    Dewey Decimal Classification   Not For Loan MEDICAL SGT Medical Library SGT Medical Library Reference Book 30/09/2023 ABC DELHI 11016.00 SGTU 17259   616.5505 M19Z FM13867 30/09/2023 18/08/2023 Books